Oxford American dictionary for learners of English / (Record no. 15670)
[ view plain ]
| 000 -LEADER | |
|---|---|
| fixed length control field | 01688cam a2200409 a 4500 |
| 001 - CONTROL NUMBER | |
| control field | 16748791 |
| 003 - CONTROL NUMBER IDENTIFIER | |
| control field | OSt |
| 005 - DATE AND TIME OF LATEST TRANSACTION | |
| control field | 20140310182746.0 |
| 008 - FIXED-LENGTH DATA ELEMENTS--GENERAL INFORMATION | |
| fixed length control field | 110425s2011 enkab d 000 0 eng d |
| 010 ## - LIBRARY OF CONGRESS CONTROL NUMBER | |
| LC control number | 2011281306 |
| 020 ## - INTERNATIONAL STANDARD BOOK NUMBER | |
| International Standard Book Number | 9780194399722 (pbk. and CDROM) |
| 020 ## - INTERNATIONAL STANDARD BOOK NUMBER | |
| International Standard Book Number | 0194399729 (pbk. and CDROM) |
| 035 ## - SYSTEM CONTROL NUMBER | |
| System control number | (OCoLC)ocn666242530 |
| 040 ## - CATALOGING SOURCE | |
| Original cataloging agency | BTCTA |
| Language of cataloging | eng |
| Transcribing agency | BTCTA |
| Modifying agency | YDXCP |
| -- | PIT |
| -- | DLC |
| 042 ## - AUTHENTICATION CODE | |
| Authentication code | lccopycat |
| 050 00 - LIBRARY OF CONGRESS CALL NUMBER | |
| Classification number | PE2835 |
| Item number | .O915 2011 |
| 082 00 - DEWEY DECIMAL CLASSIFICATION NUMBER | |
| Classification number | 423 |
| -- | 23 |
| 245 00 - TITLE STATEMENT | |
| Title | Oxford American dictionary for learners of English / |
| Statement of responsibility, etc | [senior editors: Jennifer Bradbery, Victoria Bull, Diana Lea]. |
| 246 30 - VARYING FORM OF TITLE | |
| Title proper/short title | American dictionary for learners of English. |
| 260 ## - PUBLICATION, DISTRIBUTION, ETC. (IMPRINT) | |
| Place of publication, distribution, etc | Oxford ; |
| -- | New York : |
| Name of publisher, distributor, etc | Oxford University Press, |
| Date of publication, distribution, etc | c2011. |
| 300 ## - PHYSICAL DESCRIPTION | |
| Extent | xvi, 852, 26, 16 p. : |
| Other physical details | col. ill., col. maps ; |
| Dimensions | 22 cm. + |
| Accompanying material | 1 CD-ROM (4 3/4 in.). |
| 500 ## - GENERAL NOTE | |
| General note | "Oxford iWriter"--Cover. |
| 521 ## - TARGET AUDIENCE NOTE | |
| Target audience note | |
| 526 ## - STUDY PROGRAM INFORMATION NOTE | |
| Reading level | 1210L to 1700L |
| 538 ## - SYSTEM DETAILS NOTE | |
| System details note | System requirements: Windows XP, Windows Vista, Windows 7, 350 MHz, 256 MB RAM; Macintosh OS 10.4, 500 MHz, 256 MB RAM; minimum installation of the software requires 200 MB available on hard disk. |
| 541 ## - IMMEDIATE SOURCE OF ACQUISITION NOTE | |
| -- | 1 |
| 562 ## - COPY AND VERSION IDENTIFICATION NOTE | |
| Number of copies | For circulation. 1 copy available in the collection |
| 650 #0 - SUBJECT ADDED ENTRY--TOPICAL TERM | |
| Topical term or geographic name as entry element | English language |
| Geographic subdivision | United States |
| Form subdivision | Dictionaries. |
| 650 #0 - SUBJECT ADDED ENTRY--TOPICAL TERM | |
| Topical term or geographic name as entry element | Americanisms |
| Form subdivision | Dictionaries. |
| 700 1# - ADDED ENTRY--PERSONAL NAME | |
| Personal name | Bradbery, Jennifer. |
| 700 1# - ADDED ENTRY--PERSONAL NAME | |
| Personal name | Bull, Victoria. |
| 700 1# - ADDED ENTRY--PERSONAL NAME | |
| Personal name | Lea, Diana. |
| 710 2# - ADDED ENTRY--CORPORATE NAME | |
| Corporate name or jurisdiction name as entry element | Oxford University Press. |
| 906 ## - LOCAL DATA ELEMENT F, LDF (RLIN) | |
| a | 7 |
| b | cbc |
| c | copycat |
| d | 2 |
| e | ncip |
| f | 20 |
| g | y-gencatlg |
| 942 ## - ADDED ENTRY ELEMENTS (KOHA) | |
| Source of classification or shelving scheme | Library of Congress Classification |
| Koha item type | Books |
| Call number prefix | |
| Withdrawn status | Lost status | Source of classification or shelving scheme | Damaged status | Home library | Current library | Shelving location | Date acquired | Source of acquisition | Cost, normal purchase price | Total Checkouts | Full call number | Barcode | Date last seen | Copy number | Price effective from | Koha item type |
|---|---|---|---|---|---|---|---|---|---|---|---|---|---|---|---|---|
| Library of Congress Classification | College Library | College Library | Reference Section | 895.00 | PE 1628 .Ox87 2011 | C14336 | 05/15/2018 | 1 | 10/18/2013 | Books |